[Event "14. Lichtenberger Sommer"]
[Site "14. Lichtenberger Sommer"]
[Date "2015.08.22"]
[Round "8.24"]
[White "Roth, Josef"]
[Black "Richter, Götz"]
[Result "1/2-1/2"]
[WhiteElo "2101"]
[BlackElo "2088"]
[PlyCount "93"]
[EventDate "2015.??.??"]
[WhiteTeam "SK König Tegel"]
[BlackTeam "Klub Kölner SF"]

1. e4 c5 2. Nf3 Nc6 3. d4 cxd4 4. Nxd4 Nf6 5. Nc3 d6 6. Bg5 e6 7. Qd2 a6 8.
O-O-O Bd7 9. f4 Be7 10. Nf3 b5 11. Bxf6 gxf6 12. Kb1 Rc8 13. f5 Qc7 14. Bd3 h5
15. g3 Ne5 16. Nh4 Qc5 17. Rhf1 Bd8 18. Ne2 Nxd3 19. cxd3 Ba5 20. Qxa5 Qc2+ 21.
Ka1 Qxe2 22. fxe6 fxe6 23. Qxa6 Rc2 24. Qa8+ Bc8 25. Ng6 Rh7 26. Nf4 Qe3 27.
Rfe1 Qd4 28. Qa3 h4 29. Qb3 Rxh2 30. gxh4 Qe5 31. Ne2 R7xh4 32. Nc3 Bd7 33. d4
Qh5 34. e5 fxe5 35. dxe5 Rh1 36. Nxb5 dxe5 37. Nc7+ Ke7 38. Qa3+ Kf6 39. Qf8+
Kg6 40. Qg8+ Kf5 41. Qf8+ Kg6 42. Rg1+ Rxg1 43. Rxg1+ Rg4 44. Qg8+ Kf5 45. Qf8+
Kg6 46. Qg8+ Kf5 47. Qf8+ 1/2-1/2

[Event "14. Lichtenberger Sommer"]
[Site "14. Lichtenberger Sommer"]
[Date "2015.08.22"]
[Round "8.25"]
[White "Brümmel, Arend"]
[Black "Sabrowski, Uwe"]
[Result "0-1"]
[WhiteElo "2154"]
[BlackElo "2082"]
[PlyCount "46"]
[EventDate "2015.??.??"]
[WhiteTeam "Stader SV"]
[BlackTeam "SC Friesen Lichtenberg"]

1. d4 f5 2. Nf3 Nf6 3. g3 d6 4. Bg2 g6 5. O-O Bg7 6. c4 O-O 7. Nc3 Qe8 8. d5 a5
9. Rb1 Na6 10. b3 h6 11. Bd2 Bd7 12. h4 Nc5 13. Ne1 Ng4 14. f3 Bd4+ 15. Kh1
Nf2+ 16. Rxf2 Bxf2 17. Bxh6 Bxg3 18. Bh3 Rf7 19. Ng2 Rh7 20. Qd2 f4 21. Bxf4
Bxh4 22. Bxd7 Bf2+ 23. Nh4 Qxd7 0-1

[Event "14. Lichtenberger Sommer"]
[Site "14. Lichtenberger Sommer"]
[Date "2015.08.22"]
[Round "8.26"]
[White "Nötzel, Felix"]
[Black "Heerde, Thomas"]
[Result "1-0"]
[WhiteElo "2103"]
[BlackElo "1967"]
[PlyCount "137"]
[EventDate "2015.??.??"]
[WhiteTeam "SF 1903 Berlin"]
[BlackTeam "SC Weisse Dame (Berlin)"]

1. e4 c5 2. Nf3 Nc6 3. d4 cxd4 4. Nxd4 g6 5. Nc3 Bg7 6. Be3 Nf6 7. Bc4 O-O 8.
Bb3 a5 9. f3 d5 10. exd5 Nb4 11. O-O Nbxd5 12. Nxd5 Nxd5 13. Bf2 a4 14. Bxd5
Qxd5 15. c3 a3 16. b3 e5 17. c4 Qa5 18. Nb5 Rd8 19. Qe1 Qxe1 20. Rfxe1 Bd7 21.
Bb6 Rf8 22. Nc7 Rac8 23. Nd5 Kh8 24. Rad1 Bc6 25. Ne7 Ra8 26. Nxc6 bxc6 27. Rd7
f5 28. Red1 e4 29. Rb7 Rab8 30. Rxb8 Rxb8 31. fxe4 fxe4 32. Kf2 Bb2 33. Rd8+
Rxd8 34. Bxd8 Bd4+ 35. Ke2 Kg7 36. Be7 c5 37. b4 cxb4 38. Bxb4 Kf6 39. Bxa3 Ke5
40. Bc1 Bg1 41. h3 Kd4 42. c5 Kd5 43. Be3 Bh2 44. Kf2 Bc7 45. Ke2 Bd8 46. Kd2
Ba5+ 47. Kc2 Kc4 48. g3 Kd5 49. Kb3 h5 50. g4 hxg4 51. hxg4 Be1 52. Ka4 Kc6 53.
a3 Bc3 54. Kb3 Be5 55. Kc4 Bf6 56. a4 Bd8 57. Kd4 Be7 58. Kxe4 Bf6 59. Bd4 Bh4
60. Ke5 Bd8 61. Ke6 Bh4 62. Kf7 Kd5 63. Be3 Ke4 64. c6 Bd8 65. Ke8 Ba5 66. Bd2
Bc7 67. Kd7 Bb8 68. c7 Bxc7 69. Kxc7 1-0

[Event "14. Lichtenberger Sommer"]
[Site "14. Lichtenberger Sommer"]
[Date "2015.08.22"]
[Round "8.27"]
[White "Landt, Stefan"]
[Black "Heuser, Philip"]
[Result "0-1"]
[WhiteElo "1903"]
[BlackElo "2111"]
[PlyCount "80"]
[EventDate "2015.??.??"]
[WhiteTeam "SV Berolina Mitte"]
[BlackTeam "Münchener SC"]

1. d4 d5 2. c4 e6 3. Nc3 Be7 4. Bf4 Nf6 5. e3 O-O 6. h3 b6 7. Nf3 Bb7 8. Bd3 c5
9. dxc5 dxc4 10. Bxc4 Bxc5 11. Qe2 Nc6 12. O-O Qe7 13. Ne5 Rac8 14. Ng4 Ne8 15.
Ne4 Bd6 16. Nxd6 Nxd6 17. Bb3 Nb4 18. Qd2 Ne4 19. Qe1 Ba6 20. Rd1 Bxf1 21. Qxf1
Rfd8 22. Rxd8+ Qxd8 23. Qb5 Nd5 24. Bxd5 Qxd5 25. Qe2 Rc1+ 26. Kh2 Qd1 27. Qxd1
Rxd1 28. f3 Nf6 29. Nxf6+ gxf6 30. Bb8 a6 31. Ba7 Rd2 32. Bxb6 Rxb2 33. Bd8
Rxa2 34. Bxf6 a5 35. Kg3 a4 36. Be7 a3 37. Kf4 Ra1 38. g4 a2 39. h4 Rh1 40. Bf6
Rxh4 0-1

[Event "14. Lichtenberger Sommer"]
[Site "14. Lichtenberger Sommer"]
[Date "2015.08.22"]
[Round "8.28"]
[White "Miersch, Marco"]
[Black "Zeller, Elisa"]
[Result "1-0"]
[WhiteElo "2137"]
[BlackElo "1947"]
[PlyCount "111"]
[EventDate "2015.??.??"]
[WhiteTeam "SV Berolina Mitte"]
[BlackTeam "SF Göppingen"]

1. e4 e6 2. d4 d5 3. Nd2 Nf6 4. e5 Nfd7 5. Bd3 c5 6. c3 Nc6 7. Ne2 cxd4 8. cxd4
Qb6 9. Nb3 Bb4+ 10. Nc3 Na5 11. O-O Nxb3 12. Qxb3 Be7 13. Be3 Qxb3 14. axb3 O-O
15. f4 f6 16. Nb5 fxe5 17. fxe5 Rxf1+ 18. Bxf1 Bd8 19. Rxa7 Rb8 20. Ra1 Bb6 21.
Kf2 Nf8 22. h4 Ng6 23. h5 Ne7 24. g4 Bd7 25. Bd3 Rf8+ 26. Ke2 Nc6 27. Rd1 Na5
28. g5 Nxb3 29. g6 h6 30. Bf2 Rf4 31. Ke3 Rf8 32. Ke2 Rf4 33. Ke3 Rf8 34. Be1
Bxb5 35. Bxb5 Rf5 36. Bd7 Rxe5+ 37. Kd3 Re4 38. Bc3 Bxd4 39. Bxe6+ Rxe6 40.
Bxd4 Nxd4 41. Kxd4 Re8 42. Rf1 Re2 43. b4 Re4+ 44. Kc5 d4 45. Kd5 Rg4 46. Ra1
Kf8 47. Kd6 Re4 48. Rf1+ Kg8 49. Kd5 Rg4 50. Rc1 Rf4 51. Rc8+ Rf8 52. Rxf8+
Kxf8 53. Kxd4 Ke7 54. Kc5 Kd7 55. Kb6 Kc8 56. Ka7 1-0

[Event "14. Lichtenberger Sommer"]
[Site "14. Lichtenberger Sommer"]
[Date "2015.08.22"]
[Round "8.29"]
[White "Wierzbicki, Jirawat"]
[Black "Wörz, Markus"]
[Result "1/2-1/2"]
[WhiteElo "1961"]
[BlackElo "2065"]
[PlyCount "62"]
[EventDate "2015.??.??"]
[WhiteTeam "SK König Tegel"]
[BlackTeam "SC Kreuzberg"]

1. e4 Nf6 2. e5 Nd5 3. d4 d6 4. Nf3 Bg4 5. Be2 c6 6. O-O Bxf3 7. Bxf3 dxe5 8.
dxe5 e6 9. Qe2 Nd7 10. b3 Qc7 11. Bb2 Nf4 12. Qe4 g5 13. Nd2 Bg7 14. Rfe1 Ng6
15. Nc4 O-O 16. Bh5 b5 17. Bxg6 fxg6 18. Nd6 Rf4 19. Qe3 Raf8 20. c4 Rxf2 21.
Qxf2 Rxf2 22. Kxf2 Nxe5 23. Bxe5 Bxe5 24. Rxe5 Qxd6 25. Rae1 Kf7 26. cxb5 cxb5
27. g3 Kf6 28. Rxb5 Qd4+ 29. Re3 Qd2+ 30. Re2 Qd4+ 31. Re3 Qd2+ 1/2-1/2

[Event "14. Lichtenberger Sommer"]
[Site "14. Lichtenberger Sommer"]
[Date "2015.08.22"]
[Round "8.30"]
[White "Nabel, Matthias"]
[Black "Schäfer, Heiko"]
[Result "0-1"]
[WhiteElo "1802"]
[BlackElo "2085"]
[PlyCount "114"]
[EventDate "2015.??.??"]
[WhiteTeam "SV Motor Wildau"]
[BlackTeam "Potsdamer SV"]

1. Nf3 d5 2. c4 e6 3. g3 f5 4. Bg2 Nf6 5. d4 c6 6. O-O Bd6 7. b3 Qe7 8. Ne5
Nbd7 9. Nd3 b6 10. Nd2 O-O 11. Nf3 Bb7 12. Bf4 c5 13. Bxd6 Qxd6 14. Rc1 Ne4 15.
Nfe5 cxd4 16. Nxd7 Qxd7 17. Ne5 Qe7 18. Qxd4 dxc4 19. Bxe4 Bxe4 20. Qxc4 Bd5
21. Qc7 Qxc7 22. Rxc7 Rfc8 23. Rfc1 Rxc7 24. Rxc7 g6 25. h4 a5 26. f3 a4 27.
Nd7 Bxb3 28. Nf6+ Kf8 29. Nxh7+ Ke8 30. Nf6+ Kd8 31. Rd7+ Kc8 32. a3 Bd5 33.
Nxd5 exd5 34. Rxd5 Kc7 35. Kf2 Kc6 36. Re5 b5 37. h5 b4 38. axb4 a3 39. Rc5+
Kb6 40. Rc1 gxh5 41. Ra1 Kb5 42. e4 fxe4 43. fxe4 Kxb4 44. Ke3 Rg8 45. Kf4 Rg4+
46. Kf3 Kb3 47. Rh1 a2 48. Re1 Kc3 49. Re3+ Kb4 50. Re1 Rg5 51. Kf4 Ra5 52. Ra1
Kc3 53. e5 Kb2 54. Re1 a1=Q 55. Rxa1 Rxa1 56. e6 Re1 57. Kf5 Re3 0-1

[Event "14. Lichtenberger Sommer"]
[Site "14. Lichtenberger Sommer"]
[Date "2015.08.22"]
[Round "8.31"]
[White "Janse, Alexander"]
[Black "De Marchi, Olivier"]
[Result "0-1"]
[WhiteElo "1881"]
[BlackElo "2283"]
[PlyCount "80"]
[EventDate "2015.??.??"]
[WhiteTeam "SSV Klim-Op"]
[BlackTeam "La Diagonale - Eybens"]

1. e4 c5 2. Nf3 g6 3. d4 cxd4 4. Nxd4 Nc6 5. Nc3 Bg7 6. Be3 Nf6 7. Qd2 O-O 8.
Be2 d5 9. Nxc6 bxc6 10. Rd1 Be6 11. exd5 Nxd5 12. Nxd5 Qxd5 13. Qxd5 Bxd5 14.
O-O Bxb2 15. Rb1 Rfb8 16. c4 Be4 17. Rbd1 Bf6 18. Rd7 Rb2 19. Bg4 Rxa2 20. Rfd1
h5 21. Bf3 Bxf3 22. gxf3 a5 23. Rd8+ Rxd8 24. Rxd8+ Kg7 25. Rc8 Rc2 26. Rxc6 a4
27. Ra6 Rxc4 28. Kg2 Bb2 29. Bb6 a3 30. Bd8 e6 31. Be7 Rc3 32. Ra8 Rc2 33. Ra4
Rc3 34. Ra7 Rd3 35. Bc5 g5 36. Be7 Kg6 37. Ra8 f6 38. Ra7 Bd4 39. Rxa3 Rd2 40.
Ra6 Rxf2+ 0-1

[Event "14. Lichtenberger Sommer"]
[Site "14. Lichtenberger Sommer"]
[Date "2015.08.22"]
[Round "8.32"]
[White "Keusch, Horst"]
[Black "Rohde, Wolfgang"]
[Result "1-0"]
[WhiteElo "1984"]
[BlackElo "2164"]
[PlyCount "43"]
[EventDate "2015.??.??"]
[WhiteTeam "SC Eintracht Berlin"]
[BlackTeam "SC Friesen Lichtenberg"]

1. f4 d5 2. Nf3 g6 3. e3 Bg7 4. Be2 Nf6 5. O-O O-O 6. d3 c5 7. Qe1 Nc6 8. Qh4
b6 9. Nc3 Ba6 10. Bd2 d4 11. Nd1 dxe3 12. Nxe3 Rc8 13. f5 Nd4 14. Rae1 e6 15.
fxg6 hxg6 16. Ng5 Nf5 17. Nxf5 exf5 18. Bc3 Re8 19. g4 Bb7 20. gxf5 Rxe2 21.
Rxe2 Qd5 22. fxg6 1-0

[Event "14. Lichtenberger Sommer"]
[Site "14. Lichtenberger Sommer"]
[Date "2015.08.22"]
[Round "8.33"]
[White "Mahn, Franko"]
[Black "Becker, Jared"]
[Result "1-0"]
[WhiteElo "2169"]
[BlackElo "1968"]
[PlyCount "95"]
[EventDate "2015.??.??"]
[WhiteTeam "SC Weisse Dame (Berlin)"]
[BlackTeam "SC Tarrasch München"]

1. c4 g6 2. g3 Bg7 3. Bg2 d6 4. Nc3 Nf6 5. e3 O-O 6. Nge2 c5 7. O-O Nc6 8. d4
cxd4 9. exd4 Bf5 10. h3 Rc8 11. Be3 b6 12. b3 e5 13. Qd2 h5 14. Rad1 e4 15. Bg5
Qe8 16. Rfe1 Nh7 17. Bf4 Qd7 18. Nxe4 Bxe4 19. Bxe4 Qxh3 20. Bxd6 Rfd8 21. c5
Qg4 22. Qf4 Qxf4 23. gxf4 Nf6 24. Bxc6 Rxc6 25. d5 Rcc8 26. b4 Bf8 27. Bxf8
Kxf8 28. c6 Rxd5 29. Rxd5 Nxd5 30. b5 Re8 31. Rd1 Nc7 32. Nc3 a6 33. a4 axb5
34. axb5 Rc8 35. Rd7 Nxb5 36. Nxb5 Rxc6 37. Kg2 Ke8 38. Rb7 Kf8 39. Kg3 Kg7 40.
Nc7 Kh6 41. Nd5 Rc5 42. Ne3 f6 43. Rxb6 Kg7 44. Rd6 Rc3 45. Kh4 Rc1 46. Kh3 Rb1
47. Nd5 Rb5 48. Rd7+ 1-0

[Event "14. Lichtenberger Sommer"]
[Site "14. Lichtenberger Sommer"]
[Date "2015.08.22"]
[Round "8.34"]
[White "Adelberger, Georg"]
[Black "Kohler, Thomas"]
[Result "1/2-1/2"]
[WhiteElo "1926"]
[BlackElo "2206"]
[PlyCount "77"]
[EventDate "2015.??.??"]
[WhiteTeam "SC Kreuzberg"]
[BlackTeam "SC Zitadelle Spandau"]

1. d4 Nf6 2. Nf3 g6 3. c4 Bg7 4. g3 O-O 5. Bg2 d6 6. O-O Nc6 7. Nc3 Bf5 8. Re1
Ne4 9. Be3 Nxc3 10. bxc3 Na5 11. Qa4 b6 12. Nd2 Rb8 13. Rac1 Bd7 14. Qc2 c5 15.
f4 Qc8 16. Bf2 Re8 17. e3 e6 18. Qd3 Rd8 19. g4 f5 20. Bh4 Re8 21. gxf5 exf5
22. Bd5+ Be6 23. e4 fxe4 24. Qxe4 Bxd5 25. Qxd5+ Kh8 26. Rxe8+ Qxe8 27. Re1 Qc6
28. Re6 Qxd5 29. cxd5 cxd4 30. cxd4 Bxd4+ 31. Kg2 Rc8 32. Nf3 Rc2+ 33. Kf1 Bb2
34. Rxd6 Nc4 35. Rd8+ Kg7 36. Rd7+ Kg8 37. Rd8+ Kg7 38. Rd7+ Kg8 39. Rd8+
1/2-1/2

[Event "14. Lichtenberger Sommer"]
[Site "14. Lichtenberger Sommer"]
[Date "2015.08.22"]
[Round "8.35"]
[White "Lawrenz, Sebastian"]
[Black "Relea, Nicolas"]
[Result "1-0"]
[WhiteElo "1910"]
[BlackElo "2085"]
[PlyCount "59"]
[EventDate "2015.??.??"]
[WhiteTeam "SC Zitadelle Spandau"]
[BlackTeam "Club d'Echecs de Condom"]

1. e4 c5 2. Nf3 e6 3. d4 cxd4 4. Nxd4 a6 5. Nc3 Qc7 6. Be3 Nc6 7. Qd2 d6 8. Be2
Be7 9. f4 b5 10. O-O Bb7 11. a3 Nf6 12. Nb3 Rd8 13. Bf3 Nb8 14. Qf2 Nbd7 15.
Rad1 O-O 16. g4 Nc5 17. Nxc5 dxc5 18. g5 Nd7 19. h4 b4 20. axb4 cxb4 21. Na4
Rc8 22. Rd2 Bc6 23. Nc5 Nxc5 24. Bxc5 Bxc5 25. Qxc5 Qxf4 26. Qxb4 Bb5 27. Rff2
Qg3+ 28. Bg2 Rc4 29. Qe7 Rxe4 30. Qxf7+ 1-0

[Event "14. Lichtenberger Sommer"]
[Site "14. Lichtenberger Sommer"]
[Date "2015.08.22"]
[Round "8.36"]
[White "Bezy, Cedric"]
[Black "Hannebauer, Torsten"]
[Result "1-0"]
[WhiteElo "1780"]
[BlackElo "2166"]
[PlyCount "82"]
[EventDate "2015.??.??"]
[WhiteTeam "La Diagonale - Eybens"]
[BlackTeam "DB Woltersdorf"]

1. e4 e6 2. d4 d5 3. exd5 exd5 4. Bd3 Bd6 5. c3 Nc6 6. h3 Be6 7. Ne2 Nge7 8.
Qc2 Qd7 9. Bf4 Ng6 10. Bxd6 Qxd6 11. Nd2 O-O-O 12. O-O-O Nf4 13. Nxf4 Qxf4 14.
Rdf1 Kb8 15. g3 Qd6 16. Nb3 b6 17. f4 g6 18. Qf2 a5 19. Nd2 Bd7 20. Nf3 f6 21.
f5 g5 22. g4 h5 23. Ne1 Rde8 24. Nc2 Nd8 25. Be2 hxg4 26. hxg4 Nb7 27. Bd3 c5
28. Kb1 c4 29. Be2 b5 30. a3 Bc6 31. Qg2 Ka7 32. Rxh8 Rxh8 33. Rh1 Rxh1+ 34.
Qxh1 b4 35. axb4 Ba4 36. Ne3 axb4 37. Qxd5 bxc3 38. Qxd6 Nxd6 39. bxc3 Ne4 40.
Kb2 Bb5 41. Bxc4 Bc6 1-0

[Event "14. Lichtenberger Sommer"]
[Site "14. Lichtenberger Sommer"]
[Date "2015.08.22"]
[Round "8.37"]
[White "Kather, Yannick"]
[Black "Schönberger, Kay"]
[Result "1/2-1/2"]
[WhiteElo "2041"]
[BlackElo "1918"]
[PlyCount "25"]
[EventDate "2015.??.??"]
[WhiteTeam "SC Weisse Dame (Berlin)"]
[BlackTeam "SV Koblenz"]

1. e4 c5 2. Nf3 d6 3. d4 cxd4 4. Nxd4 Nf6 5. Nc3 a6 6. Bg5 Nbd7 7. f4 h6 8. Bh4
e6 9. Qf3 Qb6 10. O-O-O Be7 11. Bf2 Qc7 12. Bd3 b5 13. g4 1/2-1/2

[Event "14. Lichtenberger Sommer"]
[Site "14. Lichtenberger Sommer"]
[Date "2015.08.22"]
[Round "8.38"]
[White "Kautz, Stefan"]
[Black "Rodmacq, Clement"]
[Result "0-1"]
[WhiteElo "1919"]
[BlackElo "2039"]
[PlyCount "100"]
[EventDate "2015.??.??"]
[WhiteTeam "SC Empor Maulwurf Bonn"]
[BlackTeam "La Diagonale - Eybens"]

1. d4 Nf6 2. Nf3 c5 3. e3 g6 4. Be2 Bg7 5. O-O cxd4 6. exd4 O-O 7. h3 d6 8. c3
b6 9. Bf4 Bb7 10. Nbd2 Nbd7 11. Re1 Re8 12. Bb5 a6 13. Ba4 h6 14. Bc2 Qc7 15.
Bh2 Rad8 16. Qe2 Qc6 17. Qc4 Qxc4 18. Nxc4 Bxf3 19. gxf3 b5 20. Ne3 Nb6 21.
Rad1 Rc8 22. Bd3 h5 23. Re2 d5 24. Rde1 e6 25. Bd6 Bf8 26. Bxf8 Kxf8 27. Kg2 h4
28. Kh2 Nh5 29. Ng2 Na4 30. Bb1 Kg7 31. Rd1 Rh8 32. Rd3 Rc7 33. Rde3 a5 34. Bd3
Rb8 35. Rc2 g5 36. Re5 Kf6 37. Re3 b4 38. cxb4 Rxc2 39. Bxc2 Rxb4 40. b3 Nb6
41. Rd3 Nc8 42. a3 Rb6 43. Rc3 Ne7 44. Kg1 Nc6 45. Rd3 Ke7 46. Kf1 Kd6 47. Ke2
f6 48. Rd2 e5 49. dxe5+ fxe5 50. Ne3 Nd4+ 0-1

[Event "14. Lichtenberger Sommer"]
[Site "14. Lichtenberger Sommer"]
[Date "2015.08.22"]
[Round "8.39"]
[White "Zesewitz, Martin"]
[Black "Donath, Johann"]
[Result "0-1"]
[WhiteElo "1873"]
[BlackElo "2060"]
[PlyCount "44"]
[EventDate "2015.??.??"]
[WhiteTeam "SF Friedrichshagen"]
[BlackTeam "BSV 63 Chemie Weißensee"]

1. f4 d5 2. Nf3 c5 3. e3 Nc6 4. Bb5 Nf6 5. Bxc6+ bxc6 6. b3 g6 7. Bb2 Bg7 8.
O-O O-O 9. Qe1 Qb6 10. d3 a5 11. Nbd2 a4 12. Ne5 Rd8 13. Ndf3 Ne8 14. Ng5 f6
15. Qh4 fxg5 16. fxg5 Be6 17. Rf3 a3 18. Nxg6 hxg6 19. Rf8+ Kxf8 20. Bxg7+ Nxg7
21. Qh8+ Kf7 22. Rf1+ Nf5 0-1

[Event "14. Lichtenberger Sommer"]
[Site "14. Lichtenberger Sommer"]
[Date "2015.08.22"]
[Round "8.40"]
[White "Segerberg, Tomas"]
[Black "Genot, Frank"]
[Result "1-0"]
[WhiteElo "2073"]
[BlackElo "1822"]
[PlyCount "51"]
[EventDate "2015.??.??"]
[WhiteTeam "Narva Berlin"]
[BlackTeam "Club du Canal St-Martin Paris"]

1. c4 e5 2. Nc3 Nc6 3. Nf3 f5 4. d4 e4 5. Ng5 g6 6. Nh3 Bg7 7. e3 Nf6 8. Nf4
O-O 9. Bd2 Ne7 10. Rc1 c6 11. h4 h6 12. Na4 Kh7 13. Bb4 d6 14. Nc3 Ne8 15. Be2
Nc7 16. Qb3 Na6 17. Ba3 Rf6 18. Qc2 Qa5 19. Kf1 Bd7 20. Qd2 Kg8 21. Nxe4 Qxd2
22. Nxd2 Nc7 23. Nf3 Rd8 24. b3 Be8 25. Bb2 d5 26. Ba3 1-0

[Event "14. Lichtenberger Sommer"]
[Site "14. Lichtenberger Sommer"]
[Date "2015.08.22"]
[Round "8.42"]
[White "Zschäbitz, Klaus"]
[Black "Große-Honebrink, Brigitte"]
[Result "1-0"]
[WhiteElo "2061"]
[BlackElo "1887"]
[PlyCount "93"]
[EventDate "2015.??.??"]
[WhiteTeam "Berliner SchGes Eckbauer"]
[BlackTeam "SC Kreuzberg"]

1. c4 e6 2. g3 d5 3. Bg2 Nf6 4. Nf3 Nc6 5. b3 Bd6 6. O-O O-O 7. Bb2 h6 8. d4 a6
9. Nbd2 Rb8 10. Rc1 Re8 11. Ne5 Bxe5 12. dxe5 Nd7 13. f4 Ne7 14. Re1 dxc4 15.
Nxc4 b5 16. Nd2 Bb7 17. e4 c5 18. Qe2 Qb6 19. Qf2 Nc6 20. Nf3 Red8 21. Red1 c4
22. bxc4 bxc4 23. Rxc4 Qxf2+ 24. Kxf2 Nb6 25. Rxd8+ Rxd8 26. Rc2 Nb4 27. Re2
Bxe4 28. Rxe4 Nd3+ 29. Ke2 Nxb2 30. Nd2 N2a4 31. Re3 Rxd2+ 32. Kxd2 Nc4+ 33.
Ke2 Nxe3 34. Kxe3 Nc3 35. a3 Nb5 36. a4 Nc7 37. Kd4 Kf8 38. Bc6 Ke7 39. Kc5 f6
40. Kb6 Kd8 41. Bb7 fxe5 42. fxe5 Kd7 43. a5 Nd5+ 44. Kxa6 Nb4+ 45. Kb6 Nd3 46.
a6 Nxe5 47. a7 1-0

[Event "14. Lichtenberger Sommer"]
[Site "14. Lichtenberger Sommer"]
[Date "2015.08.22"]
[Round "8.43"]
[White "Badestein, Hartmut"]
[Black "Glasser, Timon"]
[Result "1/2-1/2"]
[WhiteElo "2055"]
[BlackElo "1720"]
[PlyCount "54"]
[EventDate "2015.??.??"]
[WhiteTeam "SC Friesen Lichtenberg"]
[BlackTeam "La Diagonale - Eybens"]

1. e4 d6 2. d4 e5 3. Nf3 Nd7 4. Nc3 Ngf6 5. Bc4 Be7 6. O-O O-O 7. h3 c6 8. a4
Re8 9. dxe5 Nxe5 10. Nxe5 dxe5 11. Qe2 Bb4 12. Bg5 Bxc3 13. Rfd1 Qe7 14. bxc3
h6 15. Bh4 Be6 16. Bb3 Rad8 17. Rd3 c5 18. Bxf6 Qxf6 19. Rad1 c4 20. Rxd8 Rxd8
21. Rxd8+ Qxd8 22. Bxc4 Bxc4 23. Qxc4 Qd1+ 24. Kh2 Qxc2 25. Qc8+ Kh7 26. Qf5+
Kg8 27. Qc8+ Kh7 1/2-1/2

[Event "14. Lichtenberger Sommer"]
[Site "14. Lichtenberger Sommer"]
[Date "2015.08.22"]
[Round "8.44"]
[White "Casny, Guenter"]
[Black "Kapr, Klaus"]
[Result "0-1"]
[WhiteElo "1838"]
[BlackElo "2035"]
[PlyCount "64"]
[EventDate "2015.??.??"]
[WhiteTeam "SC Rochade (Berlin)"]
[BlackTeam "SC Friesen Lichtenberg"]

1. e4 d5 2. exd5 Qxd5 3. Nf3 Bg4 4. Be2 Nc6 5. h3 Bh5 6. Nc3 Qd7 7. d3 e6 8.
Be3 Nf6 9. O-O Be7 10. a3 a5 11. Ne4 Nd5 12. Qd2 Bg6 13. Nc5 Bxc5 14. Bxc5 b6
15. Be3 O-O 16. Nh4 Nce7 17. Bf3 Rad8 18. Rad1 c5 19. Qc1 Qa4 20. Nxg6 Nxg6 21.
b3 Qd7 22. d4 Nxe3 23. fxe3 Qe7 24. c3 e5 25. d5 e4 26. Be2 f5 27. c4 Qg5 28.
Kh1 Qg3 29. Rg1 f4 30. exf4 Nxf4 31. Bg4 Nd3 32. Rxd3 exd3 0-1

[Event "14. Lichtenberger Sommer"]
[Site "14. Lichtenberger Sommer"]
[Date "2015.08.22"]
[Round "8.45"]
[White "Janse, Sebastaan"]
[Black "Püschel, Werner"]
[Result "1-0"]
[WhiteElo "1725"]
[BlackElo "2049"]
[PlyCount "31"]
[EventDate "2015.??.??"]
[WhiteTeam "SSV Klim-Op"]
[BlackTeam "Lasker Steglitz-Wilmersdorf"]

1. e4 d5 2. exd5 Qxd5 3. Nc3 Qd6 4. Nf3 Nf6 5. d4 a6 6. Be3 Bg4 7. Bc4 Nc6 8.
h3 Bxf3 9. Qxf3 Qb4 10. Bb3 e6 11. O-O-O Bd6 12. d5 exd5 13. Nxd5 Nxd5 14. Rxd5
Be7 15. c3 Qh4 16. Rh5 1-0

[Event "14. Lichtenberger Sommer"]
[Site "14. Lichtenberger Sommer"]
[Date "2015.08.22"]
[Round "8.46"]
[White "Kutschke, Jens"]
[Black "Alvarez, Luis"]
[Result "1-0"]
[WhiteElo "1975"]
[BlackElo "1853"]
[PlyCount "31"]
[EventDate "2015.??.??"]
[WhiteTeam "SF 1903 Berlin"]
[BlackTeam "Zug um Zug Everswinkel"]

1. e4 d5 2. exd5 Qxd5 3. Nc3 Qa5 4. d4 Nf6 5. Nf3 Bg4 6. Be2 Nbd7 7. O-O e6 8.
Bf4 Be7 9. Nb5 Bd8 10. c4 O-O 11. a3 c5 12. dxc5 Be7 13. b4 Qd8 14. Bc7 Qc8 15.
Bd6 Re8 16. Nc7 1-0

[Event "14. Lichtenberger Sommer"]
[Site "14. Lichtenberger Sommer"]
[Date "2015.08.22"]
[Round "8.47"]
[White "Steinert, Christian"]
[Black "Stein, Siegfried"]
[Result "1-0"]
[WhiteElo "1971"]
[BlackElo "1713"]
[PlyCount "51"]
[EventDate "2015.??.??"]
[WhiteTeam "SV Empor Berlin"]
[BlackTeam "SV Berolina Mitte"]

1. e4 c5 2. c3 Nf6 3. e5 Nd5 4. d4 cxd4 5. Nf3 e6 6. Bc4 Nb6 7. Bb3 d6 8. O-O
Nc6 9. Bg5 Be7 10. Bxe7 Qxe7 11. cxd4 d5 12. Nc3 a6 13. Rc1 Bd7 14. Bc2 Nb4 15.
Bb1 Nc6 16. b3 f5 17. h4 O-O 18. Ne2 Be8 19. Nf4 Bf7 20. Ng5 Rae8 21. Rc3 Kh8
22. Rh3 Nd7 23. Re1 Rg8 24. Ree3 Nf8 25. Reg3 Ng6 26. Qh5 1-0

[Event "14. Lichtenberger Sommer"]
[Site "14. Lichtenberger Sommer"]
[Date "2015.08.22"]
[Round "8.48"]
[White "Dreke, Frank"]
[Black "Körner, Helmut"]
[Result "1/2-1/2"]
[WhiteElo "2003"]
[BlackElo "1864"]
[PlyCount "88"]
[EventDate "2015.??.??"]
[WhiteTeam "SV Mattnetz Berlin"]
[BlackTeam "SF Nordost Berlin"]

1. e4 d5 2. Nc3 dxe4 3. Nxe4 Bf5 4. Ng3 Bg6 5. Nf3 Nc6 6. Bc4 Nf6 7. d4 e6 8.
c3 Be7 9. Nh4 Nd5 10. Nxg6 hxg6 11. Qb3 Na5 12. Qa4+ c6 13. Bd3 b5 14. Qc2 Qc7
15. a4 b4 16. Bd2 Rb8 17. Rb1 bxc3 18. bxc3 Rxb1+ 19. Qxb1 O-O 20. O-O Rb8 21.
Qc2 c5 22. Rb1 Rxb1+ 23. Qxb1 cxd4 24. cxd4 Nc6 25. Ne2 Qb6 26. Qxb6 Nxb6 27.
Bb5 Nb4 28. Nc3 N4d5 29. h3 Nxc3 30. Bxc3 Nd5 31. Bb2 Bb4 32. Bc6 Kf8 33. Kf1
Nc3 34. Bxc3 Bxc3 35. d5 exd5 36. Bxd5 g5 37. Ke2 Ke7 38. Bc6 Kd6 39. Be8 f6
40. Kd3 Be1 41. Ke2 Bb4 42. Kd3 Be1 43. f3 Bf2 44. Ke4 Bg1 1/2-1/2

[Event "14. Lichtenberger Sommer"]
[Site "14. Lichtenberger Sommer"]
[Date "2015.08.22"]
[Round "8.49"]
[White "Nam, Seung-Zin"]
[Black "Birkholz, Axel"]
[Result "0-1"]
[WhiteElo "1608"]
[BlackElo "1895"]
[PlyCount "100"]
[EventDate "2015.??.??"]
[WhiteTeam "SK Bebenhausen"]
[BlackTeam "SR Spaichingen"]

1. e4 e5 2. Nf3 Nc6 3. d4 exd4 4. Nxd4 Nf6 5. Nxc6 bxc6 6. e5 Qe7 7. Qe2 Nd5 8.
c4 Ba6 9. Nd2 g6 10. Nf3 Bg7 11. Bg5 Qb4+ 12. Qd2 Qxd2+ 13. Kxd2 Nb6 14. b3 O-O
15. Re1 d6 16. Bf6 Bxf6 17. exf6 Rfe8 18. Bd3 Nd7 19. Re7 Rxe7 20. fxe7 Re8 21.
Re1 Nc5 22. Nd4 Nxd3 23. Kxd3 Bb7 24. g3 Kg7 25. b4 Kf6 26. a4 Rxe7 27. Rxe7
Kxe7 28. b5 Kd7 29. Kc3 cxb5 30. axb5 a6 31. Kb3 c5 32. bxa6 Bxa6 33. Nc2 Ke6
34. Ne3 Ke5 35. f3 Kd4 36. Nc2+ Kd3 37. Ne1+ Ke2 38. Ng2 Kxf3 39. Nf4 h5 40.
Nh3 Kg2 41. Ng5 Kxh2 42. Nxf7 Kxg3 43. Nxd6 Kf4 44. Nb5 h4 45. Nc3 Kf3 46. Na4
h3 47. Nxc5 Bc8 48. Nd3 h2 49. Ne5+ Ke4 50. Ng4 Bxg4 0-1

[Event "14. Lichtenberger Sommer"]
[Site "14. Lichtenberger Sommer"]
[Date "2015.08.22"]
[Round "8.50"]
[White "Albert, Jörg"]
[Black "Jansen, Robert"]
[Result "1-0"]
[WhiteElo "2201"]
[BlackElo "1757"]
[PlyCount "79"]
[EventDate "2015.??.??"]
[WhiteTeam "SV Eiche Reichenbrand"]
[BlackTeam "SC Kreuzberg"]

1. d4 d5 2. Nf3 e6 3. e3 Nf6 4. Bd3 c5 5. b3 Nc6 6. O-O Bd6 7. Bb2 cxd4 8. exd4
O-O 9. Nbd2 Nb4 10. Be2 Bd7 11. a3 Nc6 12. Bd3 Re8 13. Ne5 Rc8 14. Qe2 Bb8 15.
f4 Ne7 16. g4 Ne4 17. Nxe4 dxe4 18. Qxe4 f5 19. gxf5 exf5 20. Qg2 Be6 21. Rae1
g6 22. h4 a6 23. h5 Kg7 24. Qg3 Ba7 25. Qf2 b5 26. Kh2 Bd5 27. Rg1 Qd6 28. c4
bxc4 29. bxc4 Bf7 30. c5 Qc7 31. h6+ Kf8 32. Nxf7 Rb8 33. Ng5 Nd5 34. Ba1 Qa5
35. Bc4 Nf6 36. Ne6+ Rxe6 37. Rxe6 Ng4+ 38. Rxg4 fxg4 39. Rf6+ Ke8 40. Qe3+ 1-0